000 00601nam a22001697a 4500
003 OSt
005 20171010095459.0
008 120720t xxu||||| |||| 00| 0 eng d
040 _aMMSU
_cIULS
100 _aMedina, Mary Pauline A.
_911357
245 _aPhytochemical analysis and antibacterial property of Adelfa (Nerium oleander L.) flower extract
_cMary Pauline A. Medina
260 _c2008
300 _axvi, 59 leaves
_c28 cm.
500 _aThesis (BS Biology) -- Mariano Marcos State University-College of Arts & Sciences, Batac City
504 _aBibliography: leaf 39
942 _2ddc
_cTHEDIS
999 _c9650
_d9650